000 01045nas a2200337 4500
001 BR0601278
003 BR-BrBNA
005 20231205105918.0
007 ta
008 230509b bl.|||p| |||| 00| 00por d
040 _aBR-BrBNA
_bpor
_cBiblioteca Nacional de Agricultura
041 _a(Pt)
072 _aL51; L52
100 1 _aGonzaga Neto, S.
100 1 _aSilva Sobrinho, A.G. da
100 1 _aResende, K.T. de
100 1 _aZeola, N.M.B.L.
100 1 _aSilva, A.M. de A.
100 1 _aMarques, C.A.T.
100 1 _aLeão, A.G.
245 1 _aComposição corporal e exigências nutricionais de proteína e energia para cordeiros Morada Nova
650 _aOVINO
650 _aEXIGÊNCIA NUTRICIONAL
650 _aPRODUÇÃO ANIMAL
650 _aDIETA
650 _aBROMATOLOGIA
650 _aMÉTODO ESTATÍSTICO
773 0 _tRevista Brasileira de Zootecnia (Brazil)
_xISSN 1516-3598
_g(Nov-Dec 2005), v. 34(6)suplemento p. 2446-2456
_wBR0601278
909 _a202311
_bLúcia
_c55
_dLúcia Elande
942 _2AGRIS
_n0
_cANA
999 _c185321
_d185321